书目信息 |
| 题名: |
新编电工材料手册
|
|
| 作者: | 许立梓 编 | |
| 分册: | ||
| 出版信息: | 广州 广东科技出版社 1994.09 |
|
| 页数: | 822页 | |
| 开本: | 32开 | |
| 丛书名: | ||
| 单 册: | ||
| 中图分类: | TM2-62 | |
| 科图分类: | ||
| 主题词: | 电工材料 | |
| 电子资源: | ||
| ISBN: | 7-5359-1160-9 | |
| 000 | 00556nam0 2200193 45 | |
| 001 | 0009112020 | |
| 005 | 20000911202618.3 | |
| 010 | @a7-5359-1160-9@d22.00元 | |
| 100 | @a20000911d1994 km y0chiy0120 ea | |
| 101 | 0 | @achi |
| 105 | @a z 000yy | |
| 200 | 1 | @a新编电工材料手册@AXin Bian Dian Gong Cai Liao Shou Ce@f许立梓等编@FXu Li Zi Deng Bian |
| 210 | @a广州@c广东科技出版社@d1994.09 | |
| 215 | @a822页@d32开 | |
| 606 | 0 | @a电工材料 |
| 690 | @aTM2-62@v3 | |
| 701 | 0 | @a许立梓@4编 |
| 801 | @aCN@bPftUser@c20000911 | |
| 905 | @b136145-149@dTM2-62@eX969@f5 | |
| 新编电工材料手册/许立梓等编.-广州:广东科技出版社,1994.09 |
| 822页;32开 |
| ISBN 7-5359-1160-9:22.00元 |
| ● |
| 相关链接 |
|
|
|
正题名:新编电工材料手册
索取号:TM2-62/X969
 
预约/预借
| 序号 | 登录号 | 条形码 | 馆藏地/架位号 | 状态 | 备注 |
| 1 | 136145 | 201361454 | 自科二线404/404自科库 19排6列2层/ [索取号:TM2-62/X969] | 在馆 | |
| 2 | 136146 | 201361463 | 自科二线404/301自科库 7排1列4层/ [索取号:TM2-62/X969] | 在馆 | |
| 3 | 136147 | 201361472 | 自科库301/301自科库 9排4列4层/ [索取号:TM2-62/X969] | 在馆 | |
| 4 | 136148 | 201361481 | 自科库301/301自科库 9排4列4层/ [索取号:TM2-62/X969] | 在馆 | |
| 5 | 136149 | 201361490 | 自科二线404/301自科库 7排1列4层/ [索取号:TM2-62/X969] | 在馆 |